Flags With Gravity #1 & #2 - Statistics

General Stats
  • This quiz has been taken 82 times
  • The average score is 16 of 19
Answer Stats
Picture Answer % Correct
Brazil
100%
China
95%
Laos
91%
Panama
88%
Israel
86%
New Zealand
86%
Saudi Arabia
86%
Algeria
85%
Kazakhstan
85%
Bosnia and Herzegovina
84%
North Korea
84%
Turkmenistan
81%
Maldives
80%
Zambia
80%
Mauritania
78%
Papua New Guinea
78%
East Timor
77%
Nauru
77%
Solomon Islands
70%
No matching quizzes found
Score Distribution
Percent of People with Each Score
Percentile by Number Answered
Your Score History
You have not taken this quiz